000 00295nam a2200121Ia 4500
005 20251222152034.0
008 251222s9999||||xx |||||||||||||| ||spa||
082 _a635/E38
245 0 _aManual Práctico de la Jardinería
250 _a1ra. ed.
264 _bDiario el País, S.A.
942 _cLIB
999 _c25797
_d25797